Statistics for Mean - Taylor Swift (All Lyrics)

Click here to take the quiz!

General Stats

  • This quiz has been taken 300 times
  • The average score is 329 of 390

Answer Stats

Answer% Correct
You
100%
you
100%
You,
100%
a
99%
me
99%
your
99%
And
98%
and
98%
I
98%
mean?)
97%
mean
97%
mean?
97%
be
96%
so
96%
all
95%
is
94%
ever
93%
in
93%
you're
93%
gonna
92%
got
92%
Got
92%
I'll
92%
With
92%
with
92%
can
91%
old
91%
big
90%
city
90%
like
90%
livin'
90%
(Why
90%
Why
90%
can't
89%
someday
88%
Someday
88%
words
88%
gotta
87%
on
86%
again
85%
knives
84%
But
83%
enough
82%
hit
82%
my
82%
that
82%
the
82%
don't
80%
are
78%
liar
77%
see
77%
pathetic
76%
down
75%
sing
75%
feel
74%
know
74%
what
74%
against
71%
one
71%
use
71%
when
71%
have
70%
just
70%
feet
69%
off
69%
now
68%
weapons
68%
feeling
67%
life
67%
nothing
67%
out
67%
bar
66%
football
66%
game
66%
knocked
66%
Cause
65%
cause
65%
I'm
65%
single
65%
swords
65%
blow
64%
alone
63%
As
63%
man
63%
from
62%
listening
62%
them
62%
to
62%
about
61%
how
61%
if
61%
same
61%
take
61%
already
60%
chalkboard
60%
Talking
60%
years
60%
opinion
59%
over
59%
weaker
59%
head
58%
nails
58%
nobody's
58%
pickin'
58%
flaws
56%
yeah
56%
humiliation
55%
loud
55%
okay
55%
walk
55%
wanna
55%
around
53%
made
52%
pointed
52%
things
52%
road
51%
pushed
50%
right
50%
Somebody
50%
Callin'
49%
Drunk
49%
ends
49%
lies
49%
never
49%
up
49%
wounded
48%
bet
47%
lead
47%
bitter
46%
cold
46%
cycle
46%
sides
46%
switching
46%
Trying
45%
impress
44%
block
41%
ranting
41%
wildfire
39%
Washed
37%
Well
37%
grumbling
31%

Score Distribution

Percentile by Number Answered

Percent of People with Each Score

Your Score History

You have not taken this quiz